00355nam a2200157Ia 4500008004100000020001500041041001200056082001600068100001500084245002500099250000800124260002500132300000800157650001500165700001700180221030s9999 xx 000 0 und d a0074622641 aEnglish a105.23bMon aA. Monappa 0aPersonnel Management a2nd bTMHaNew Delhic2004 a416 aManagement aM. Saiyadain